| 000 | 01824nam a2200457 i 4500 | ||
|---|---|---|---|
| 001 | 39268 | ||
| 003 | KOSZ 005 | ||
| 005 | 20220916083545.0 | ||
| 008 | 011202s2000 pl |100 0 pol d | ||
| 020 | _a8390238462 | ||
| 040 |
_cKOSZ 005 _aKOSZ 005 _dKOSZ 005/HR |
||
| 041 | 0 |
_apol _aeng |
|
| 046 | _k2000 | ||
| 080 | _a657.3 | ||
| 080 | _a657.47 | ||
| 080 | _a658.14/.17 | ||
| 080 | _a(06) | ||
| 245 | 0 | 0 |
_aBudżetowanie działalności jednostek gospodarczych : _bteoria i praktyka : materiały konferencyjne 26-28 czerwca Kraków - Zakopane 2000 / _cpod red. nauk. Wiktora Krawczyka ; Komitet Nauk Organizacji i Zarządzania Polskiej Akademii Nauk, Katedra Zarządzania Finansami Wydziału Zarządzania AGH. |
| 260 |
_aKraków ; _aZakopane : _bKZF WZ AGH, _c2000. |
||
| 300 |
_a326 s. : _brys. ; _c24 cm. |
||
| 336 |
_2rdacontent _aTekst _btxt |
||
| 337 |
_2rdamedia _aBez urządzenia pośredniczącego _bn |
||
| 338 |
_2rdacarrier _aWolumin _bnc |
||
| 380 | _aKsiążki | ||
| 380 | _aPublikacje naukowe | ||
| 388 | _a1901-2000 | ||
| 388 | _a1989-2000 | ||
| 504 | _aBibliogr. przy ref. | ||
| 650 | 4 | _aBudżet | |
| 650 | 4 | _aFinanse przedsiębiorstwa | |
| 650 | 4 | _aKoszty | |
| 650 | 4 | _aRachunek kosztów | |
| 650 | 4 | _aRachunkowość zarządcza | |
| 655 | 4 | _aMateriały konferencyjne | |
| 658 | _aGospodarka, ekonomia, finanse | ||
| 700 | 1 |
_aKrawczyk, Wiktor _d(1943- ) _eRedakcja |
|
| 710 | 2 | _aKomitet Nauk Organizacji i Zarządzania (Polska Akademia Nauk) | |
| 710 | 2 | _aWydział Zarządzania (Akademia Górniczo-Hutnicza im. Stanisława Staszica ; Kraków) | |
| 856 |
_uhttp://koha.tu.koszalin.pl/cgi-bin/koha/opac-detail.pl?biblionumber=39268 _yKatalog online BPK |
||
| 942 |
_cKS _2UKD |
||
| 999 |
_c39268 _d39268 |
||